LEADER 02884oam 2200649I 450 001 9910456772903321 005 20210827202941.0 010 $a0-429-48432-1 010 $a1-283-07091-X 010 $a9786613070913 010 $a1-84940-716-9 035 $a(CKB)2550000000032382 035 $a(EBL)689860 035 $a(OCoLC)723944121 035 $a(SSID)ssj0000526250 035 $a(PQKBManifestationID)11327405 035 $a(PQKBTitleCode)TC0000526250 035 $a(PQKBWorkID)10520106 035 $a(PQKB)11575782 035 $a(MiAaPQ)EBC689860 035 $a(Au-PeEL)EBL689860 035 $a(CaPaEBR)ebr10464035 035 $a(CaONFJC)MIL307091 035 $a(OCoLC)1029241145 035 $a(FlBoTFG)9780429484322 035 $a(EXLCZ)992550000000032382 100 $a20181122h20182011 uy 0 101 0 $aeng 135 $aur||####||||| 181 $ctxt 182 $cc 183 $acr 200 10$aTraumatic Reliving in History, Literature and Film /$fby Rudolph Binion 205 $aFirst edition. 210 1$aBoca Raton, FL :$cRoutledge,$d[2018]. 210 4$dİ2011. 215 $a1 online resource (211 p.) 300 $aDescription based upon print version of record. 311 $a0-367-10658-2 311 $a1-85575-743-5 320 $aIncludes bibliographical references and index. 327 $aCover; Copy Right; FOREWORD; ABOUT THE AUTHOR; CHAPTER ONE: Reliving; CHAPTER TWO: Reliving with Freud; CHAPTER THREE: Reliving in history; CHAPTER FOUR: Reliving in history: A closeup; CHAPTER FIVE: Reliving in letters; CHAPTER SIX: Reliving on screen; CHAPTER SEVEN: Reliving: Who, when, why?; REFERENCES 330 3 $aTraumatic Reliving in History, Literature, and Film explores an intriguing facet of human behavior never yet examined in its own right - an individual or a group may contrive, unawares, to repeat a half-forgotten traumatic experience in disguise. Such reliving has shaped major careers and large-scale events throughout history. Insight into it is therefore vital for understanding historic causation past and present. Traumatic Reliving has also proliferated in literature since antiquity and lately in film as well, indicating its tacit acceptance as a piece of life by the reading and movie-going public. This book examines the evidence of history, literature, and film on how this irrational behavioral mechanism works. 606 $aPsychic trauma$xHistory 606 $aPsychohistory 608 $aElectronic books. 615 0$aPsychic trauma$xHistory. 615 0$aPsychohistory. 676 $a616.8521 676 $a791.43019 700 $aBinion$b Rudolph$f1927-2011,$0871835 801 0$bFlBoTFG 801 1$bFlBoTFG 906 $aBOOK 912 $a9910456772903321 996 $aTraumatic Reliving in History, Literature and Film$91946274 997 $aUNINA LEADER 01425nam 2200277la 450 001 9910481524503321 005 20230503102553.0 035 $a(UK-CbPIL)2090354652 035 $a(CKB)5500000000105263 035 $a(EXLCZ)995500000000105263 100 $a20230503d1585 uy | 101 0 $alat 135 $aurcn||||a|bb| 200 10$aAdagia quaecumque ad hanc diem exierunt, Paulli Mannuccii studio, atque industria, ... ab omnibus mendis vindicata, quae pium, & veritatis Catholicae studiosum lectorem poterant offendere: sublatis falsis interpretationibus, & nonnullis, ... digressionibus. Cum plurimis, ac locupletissimis indicibus 210 $aVenice $cVnitorum societate$d1585 215 $aOnline resource ([62] c., 2042 [i.e. 2044] col., [1] c., 4°) 300 $aReproduction of original in Biblioteca Nazionale Centrale di Firenze. 700 $aErasmus$b Desiderius$f1536.$0799747 701 $aManuzio$b Paolo$f1512-1574.$0327584 712 02$aCompagnia degli Uniti. 801 0$bUk-CbPIL 801 1$bUk-CbPIL 906 $aBOOK 912 $a9910481524503321 996 $aAdagia quaecumque ad hanc diem exierunt, Paulli Mannuccii studio, atque industria, ... ab omnibus mendis vindicata, quae pium, & veritatis Catholicae studiosum lectorem poterant offendere: sublatis falsis interpretationibus, & nonnullis, ... digressionibus. Cum plurimis, ac locupletissimis indicibus$92199716 997 $aUNINA